[Event "Baden-ch U14 Girls"]
[Site "Karlsruhe"]
[Date "2014.01.03"]
[Round "3"]
[White "Lohrmann, Tabea"]
[Black "Hetzel, Anne"]
[Result "1-0"]
[WhiteElo "1482"]
[BlackElo "886"]
[PlyCount "111"]
[EventDate "2014.01.??"]
[EventType "swiss"]
[EventRounds "7"]
[EventCountry "GER"]
[SourceTitle "EXT 2022"]
[Source "ChessBase"]
[SourceDate "2021.10.06"]
[SourceVersion "1"]
[SourceVersionDate "2021.10.06"]
[SourceQuality "1"]

1. e4 e5 2. Nf3 Nc6 3. d4 d6 4. dxe5 dxe5 5. Qxd8+ Kxd8 6. Ng5 Be6 7. Nxe6+ fxe6 8. Bc4 Nd4 9. Bd3 Nf6 10. 0-0 Bc5 11. Nc3 c6 12. Be3 Ng4 13. Rfe1 Bb4 14. Rad1 Kc7 15. a3 Bc5 16. Rd2 Rad8 17. h3 Nf6 18. Ne2 b6 19. b4 Nxe2+ 20. Rexe2 Bxe3 21. Rxe3 Rd6 22. Rde2 Rhd8 23. Rg3 Nh5 24. Rg5 Nf4 25. Rxg7+ R8d7 26. Rxd7+ Rxd7 27. Re3 Nxd3 28. Rxd3 Rxd3 29. cxd3 Kd7 30. g4 Ke7 31. Kg2 Kf6 32. Kg3 Kg5 33. h4+ Kg6 34. f4 exf4+ 35. Kxf4 h5 36. gxh5+ Kxh5 37. Ke5 Kxh4 38. Kxe6 Kg5 39. Kd6 c5 40. bxc5 bxc5 41. Kxc5 Kf4 42. d4 Kxe4 43. d5 Ke5 44. Kc6 Kf6 45. d6 Kf7 46. d7 Ke7 47. Kc7 Ke6 48. d8Q Ke5 49. Qd3 Ke6 50. Qe4+ Kf6 51. Kd6 a6 52. Qe5+ Kf7 53. Qe6+ Kg7 54. Ke7 Kh7 55. Kf7 Kh8 56. Qh6# 1-0